Estatísticas para Cultura Geral

Clique aqui para jogar o quiz

Estatísticas Gerais

  • Esse quiz foi jogado 28 vezes
  • A pontuação média é 6 de 15

Estatísticas das Respostas

HintResposta% Correto
O que significa montaña em português?Montanha
96%
Que material de escrita semelhante a papel era usado pelos antigos egípcios?Papiro
79%
Quem supostamente teve um momento de inspiração sentado sob uma macieira?Isaac Newton
67%
Qual é o produto químico mais comum usado para retirar o verniz das unhas?Acetona
63%
Qual é a capital das Filipinas?Manila
58%
Qual cidade sediou os Jogos Olímpicos de Verão "2020"?Tóquio
54%
Em que estado dos EUA se passa a série Lilo & Stitch?Havaí
42%
Qual país é o maior produtor de petróleo da África?Nigéria
29%
Em que país se acredita que o xadrez tenha se originado?Índia
25%
Quem se diz ter cometido suicídio através de uma picada de áspide?Cleópatra
21%
Quem canta a música Can You Feel The Love Tonight?Elton John
13%
De qual banda Robbie Williams era membro?Take That
13%
Que sitcom se passava na cidade fictícia de Quahog?Family Guy
4%
Qual é o único estado dos EUA que faz fronteira com Maine?New Hampshire
4%
Quem era a esposa de Luís XVI?Marie Antoinette
0%

Distribuição das Pontuações

Percentil de Números Respondidos

Porcentagem de Pessoas com Cada Pontuação

Sua Pontuação Histórica

Você não jogou esse quiz